Best Cities of Chinese Subdivisions - Statistics

General Stats
  • This quiz has been taken 10 times
  • The average score is 27 of 34
Answer Stats
Subdivision City % Correct
Sichuan Chengdu
100%
Guangdong Shenzhen
100%
Taiwan Taipei
100%
Tianjin Tianjin
100%
Xinjiang Urumqi
100%
Hubei Wuhan
100%
Beijing Beijing
83%
Jilin Changchun
83%
Chongqing Chongqing
83%
Liaoning Dalian
83%
Guizhou Guiyang
83%
Zhejiang Hangzhou
83%
Heilongjiang Harbin
83%
Hong Kong Hong Kong
83%
Yunnang Kunming
83%
Gansu Lanzhou
83%
Tibet Lhasa
83%
Macau Macau
83%
Shandong Qingdao
83%
Hainan Sanya
83%
Shanghai Shanghai
83%
Fujian Xiamen
83%
Shaanxi Xi'an
83%
Hunan Changsha
67%
Guangxi Guilin
67%
Anhui Hefei
67%
Jiangsu Suzhou
67%
Hebei Tangshan
67%
Qinghai Xining
67%
Henan Zhengzhou
67%
Inner Mongolia Baotou
50%
Jiangxi Nanchang
50%
Shanxi Taiyuan
50%
Ningxia Yinchuan
50%
No matching quizzes found
Score Distribution
Percent of People with Each Score
Percentile by Number Answered
Your Score History
You have not taken this quiz